Sports Quiz

Random Sports or Nation Quiz

Africa Cup of Nations - winning XIs (1990-2019) Quiz Stats

 Plays Quiz not verified by Sporcle

Score 0/176 Timer 15:00
0 Plays Today
% Correct
Riyad Mahrez
100%
Samuel Eto'o
88.9%
Samuel Eto'o
88.9%
Kolo Touré
84.4%
Yaya Touré
84.4%
Rigobert Song
82.9%
Rigobert Song
82.9%
John Obi Mikel
68.8%
Gervinho
66.3%
Ahmed Hassan
58.8%
Ahmed Hassan
58.8%
Ahmed Hassan
58.8%
Ahmed Hassan
58.8%
Hossam Hassan
58.3%
Jay-Jay Okocha
55.3%
Boubacar Barry
54.3%
Geremi
53.3%
Geremi
53.3%
Vincent Enyeama
53.3%
Lauren
52.8%
Lauren
52.8%
Wilfried Bony
52.3%
Patrick M'Boma
50.8%
Daniel Amokachi
49.7%
Amr Zaki
48.7%
Amr Zaki
48.7%
Victor Moses
47.7%
Sunday Oliseh
47.2%
Marc-Vivien Foé
46.2%
Marc-Vivien Foé
46.2%
Rashidi Yekini
44.7%
Mohamed Aboutrika
44.2%
Mohamed Aboutrika
44.2%
Mohamed Zidan
44.2%
Mark Fish
43.7%
Finidi George
42.7%
Hatem Trabelsi
42.7%
Lucas Radebe
42.2%
Serge Aurier
42.2%
Pierre Nlend Womé
41.2%
Pierre Nlend Womé
41.2%
Radhi Jaïdi
38.7%
Peter Rufai
36.7%
Uche Okechukwu
35.7%
Hossam Ghaly
34.7%
Eric Bailly
34.7%
Essam El-Hadary
34.2%
Essam El-Hadary
34.2%
Essam El-Hadary
34.2%
Ismaël Bennacer
33.3%
Emmanuel Amunike
32.2%
Rabah Madjer
31.7%
Raymond Kalla
30.2%
Raymond Kalla
30.2%
Philomen Masinga
29.6%
Shaun Bartlett
28.6%
Salomon Olembé
28.6%
Salomon Olembé
28.6%
Francileudo Santos
28.1%
% Correct
Ikechukwu Uche
28.1%
Andre Arendse
26.1%
Ali Boumnijel
26.1%
Siaka Tiéné
26.1%
Efe Ambrose
25.6%
Abdoulaye Traoré
24.6%
Hani Ramzi
24.6%
Ahmed Fathi
24.6%
Ahmed Fathi
24.6%
Emmanuel Mayuka
24.6%
Hani Said
24.1%
Hany Said
24.1%
Serey Dié
24.1%
Wael Gomaa
23.6%
Wael Gomaa
23.6%
Wael Gomaa
23.6%
Christopher Katongo
23.6%
Pierre Njanka
23.1%
Ibrahim Said
23.1%
Benjamin Moukandjo
22.9%
Max Gradel
22.1%
Boukar Alioum
21.1%
Doctor Khumalo
20.6%
Eric Tinkler
20.6%
Sunday Mba
20.1%
Christian Bassogog
19.3%
Mehdi Nafti
19.1%
Shady Mohamed
18.6%
Mohamed Shawky
18.1%
Kenneth Omeruo
18.1%
Ogenyi Onazi
18.1%
Boukar Alioum
17.6%
Kennedy Mweene
17.1%
Hosny
16.1%
Hosny
16.1%
Brown Ideye
16.1%
Bill Tchato
15.6%
José Clayton
15.1%
Ziad Jaziri
15.1%
Emad Moteab
15.1%
Emad Moteab
15.1%
Emad Moteab
15.1%
Josh Moshoeu
14.6%
Nader El-Sayed
14.6%
Pius N'Diefi
14.6%
Stophira Sunzu
14.6%
Fabrice Ondoa
13.8%
Riadh Bouazizi
13.6%
Uwa Elderson Echiéjilé
13.6%
Moussa Saïb
12.6%
Augustine Eguavoen
12.6%
Karim Haggui
12.1%
Collins Fai
11.9%
Nathan Sinkala
11.1%
Wilfried Kanon
11.1%
Ambroise Oyongo
11%
Benedict Iroha
10.6%
Sayed Moawad
10.6%
Sayed Moawad
10.6%
% Correct
Hazem Emam
10.1%
Tarek Mostafa
9.5%
Mohamed Barakat
9.5%
Mohamed Abdelwahab
9.5%
Adolphe Teikeu
9.2%
Sébastien Siani
9.2%
Chisamba Lungu
9%
Joël Tiéhi
8.5%
Samir Kamouna
8.5%
Yasser Radwan
8.5%
Selim Ben Achour
8.5%
Joseph Musonda
8.5%
Jacques Zoua
8.3%
Uche Okafor
8%
Neil Tovey
7.5%
Adbel-Zaher El-Saqqa
7.5%
Isaac Chansa
7.5%
Michael Ngadeu-Ngadjui
7.3%
Arnaud Djoum
7.3%
Alain Gouaméné
7%
Mohamed Emara
7%
Sizwe Motaung
6.5%
Abdel-Zaher El-Saqua
6.5%
Davies Nkausu
6.5%
Hijani Himoonde
6%
Adel Chedli
5.5%
Donald-Olivier Sié
5%
Mehdat Abdelhadi
5%
Robert Ndip Tambe
4.6%
Ahmed al-Muhammadi
4.5%
Antar Osmani
4%
Basila Aka Kouamé
4%
Rainford Kabala
4%
Djamel Amani
3.5%
Fodil Megharia
3%
Tahar Chérif El-Ouazzani
3%
Djamel Menad
3%
Chérif Oudjani
3%
Sekana Diaby
3%
Messaoud Aït Abderrahmane
2.5%
Abdelhakim Serrar
2.5%
Ali Benhalima
2.5%
Arsène Hobou
2.5%
Sam Abouo
2.5%
Didier Otokoré
2.5%
Serge-Alain Maguy
2%
Saint-Joseph Gadji-Celi
1.5%
Linda Buthulezi
1.5%
Godfrey Obuabona
1%
Raïs M'Bolhi
0%
Mehdi Zeffane
0%
Aïssa Mandi
0%
Djamel Benlamri
0%
Rami Bensebaini
0%
Adlène Guedioura
0%
Sofiane Feghouli
0%
Youcef Belaïli
0%
Baghdad Bounedjah
0%

You're not logged in!

Compare scores with friends on all Sporcle quizzes.
OR
Log In

Sporcle TV

Today on Sporcle TV


Watch our educational content, quiz creation guides, and fun videos on Sporcle TV.

Show Comments

Extras

Top Quizzes Today


Score Distribution

Your Account Isn't Verified!

In order to create a playlist on Sporcle, you need to verify the email address you used during registration. Go to your Sporcle Settings to finish the process.

Report this User

Report this user for behavior that violates our Community Guidelines.

Details: